Diccionario de análisis del discurso
Zapisane w:
| 1. autor: | |
|---|---|
| Kolejni autorzy: | |
| Format: | Książka |
| Język: | hiszpański |
| Wydane: |
Buenos Aires
Amorrortu
2005
|
| Wydanie: | 1a. ed |
| Hasła przedmiotowe: | |
| Etykiety: |
Dodaj etykietę
Nie ma etykietki, Dołącz pierwszą etykiete!
|
MARC
| LEADER | 00000cam a2200000 a 4500 | ||
|---|---|---|---|
| 001 | UCK3670 | ||
| 003 | CL-VaPUC | ||
| 008 | 050506e20050000AG |||||||||||||||||spa|d | ||
| 020 | |a 9505189028 | ||
| 082 | 0 | 4 | |a 401.41 |b CHA |2 21 |
| 100 | 0 | |a Charaudeau, Patrick |e author |9 413 | |
| 700 | |a Maingueneau, Dominique |e autor |9 412 | ||
| 245 | 1 | 0 | |a Diccionario de análisis del discurso |
| 250 | |a 1a. ed | ||
| 300 | |a 671 p | ||
| 942 | |c BK | ||
| 945 | |d 20050506 00:00:00 |a cmena | ||
| 260 | |a Buenos Aires |b Amorrortu |c 2005 | ||
| 650 | 0 | |a Análisis del discurso |9 256696 | |
| 650 | 0 | |a Diccionarios |9 256200 | |
| 650 | 0 | |a Investigación lingüística |9 329785 | |
| 583 | |a last modification |c 20131007 06:02:19 |k Rodrigo Vera | ||
| 999 | |c 312788 |d 312786 | ||
| 952 | |0 0 |1 0 |4 0 |6 401_410000000000000_CHA_2005 |7 0 |8 A |9 383619 |a FDOPOS |b BIBEDU |d 2019-11-21 |i 412278K |l 2 |m 1 |o 401.41 CHA 2005 |p 412278K |q 2025-05-14 |r 2025-05-07 |s 2025-05-07 |w 2019-11-21 |y BK |k MLA | ||
| 952 | |0 0 |1 0 |2 ddc |4 0 |6 401_410000000000000_CHA_2005 |7 0 |8 C |9 383620 |a BIBCUR |b BIBCUR |d 2019-11-21 |i 414208K |l 2 |o 401.41 CHA 2005 |p 414208K |r 2025-04-22 |s 2024-03-22 |w 2019-11-21 |y BK |k PER | ||
| 952 | |0 0 |1 0 |3 erb |4 0 |6 401_410000000000000_CHA_2005 |7 0 |8 X |9 383621 |a BIBEDU |b BIBEDU |d 2019-11-21 |i 5017742 |o 401.41 CHA 2005 |p 5017742 |r 2023-01-13 |w 2019-11-21 |y BK_X |z Catalogado en:20131011 |k LIT | ||
| 952 | |0 0 |1 0 |3 erb |4 0 |6 401_410000000000000_CHA_2005 |7 0 |8 X |9 383622 |a BIBEDU |b BIBEDU |d 2019-11-21 |i 5017750 |o 401.41 CHA 2005 |p 5017750 |r 2023-01-13 |w 2019-11-21 |y BK_X |z Catalogado en:20131011 |k LIT | ||